000 00490nam a2200169Ia 4500
005 20250425161957.0
008 250425s9999 xx 000 0 und d
041 _aspa
082 _a371.30281
245 0 _aTECNICAS DE LECTURA, SINTESIS Y ESTUDIO CUADERNO DE TRABAJO IDIOMA ESPAÑOL 0
250 _a1A ED.
260 _aEcuador
_bCENTRO DE PUBLICACIONES UNIVERSIDAD CATOLICA DE SANTIAGO DE GUAYAQUIL
_c1991
260 _aGUAYAQUIL
300 _a67
942 _c01
010 _a38406
999 _c219986
_d219986